| 000 | 00355nam a2200133Ia 4500 | ||
|---|---|---|---|
| 008 | 150202s9999 xx 000 0 und d | ||
| 020 | _a812525752 | ||
| 050 |
_aFIC _bFIC |
||
| 100 | _aSaberhagen, Fred. | ||
| 245 | 2 |
_aA matter taste / _cFred Saberhagen. |
|
| 260 |
_aNew York : _bTor Books, _c1990. |
||
| 300 |
_a284 pages : _c18 cm. |
||
| 650 | _aFiction. | ||
| 999 |
_c282401 _d282401 |
||